000 00389pab a2200157 454500
008 180718b2001 xxu||||| |||| 00| 0 eng d
100 _aKraft, Kornelius
245 _aUnemployment and the separation of married couples
260 _c2001
300 _ap.67-88
650 _aFamily disorganization
650 _aDivorce
650 _aUnemployment
773 _aKyklos
909 _a49111
999 _c49111
_d49111